[Event "Paleochora op 7th"]
[Site "Paleochora"]
[Date "2014.07.21"]
[Round "1"]
[White "Werle, Jan"]
[Black "Karousos Theodorakis, Anastasios"]
[Result "1-0"]
[WhiteElo "2511"]
[BlackElo "1674"]
[PlyCount "77"]
[EventDate "2014.07.21"]
[EventType "swiss"]
[EventRounds "9"]
[EventCountry "GRE"]
[SourceTitle "CBM 161 Extra"]
[Source "ChessBase"]
[SourceDate "2014.08.29"]
[SourceVersion "1"]
[SourceVersionDate "2014.08.29"]
[SourceQuality "1"]

1. Nf3 c5 2. c4 Nc6 3. Nc3 e5 4. g3 g6 5. Bg2 Bg7 6. 0-0 Nge7 7. d3 0-0 8. a3 d6 9. Rb1 a5 10. Ne1 Be6 11. Nd5 Rb8 12. Nc2 Nd4 13. Nxe7+ Qxe7 14. Ne3 f5 15. Nd5 Qd8 16. b4 axb4 17. axb4 cxb4 18. Rxb4 Nc6 19. Rb1 Kh8 20. f4 Ne7 21. fxe5 Bxd5 22. cxd5 Bxe5 23. Bf4 Bf6 24. Qa4 g5 25. Be3 Qe8 26. Qxe8 Rfxe8 27. Bb6 Rec8 28. e4 Rc3 29. d4 Nc8 30. Rxf5 Nxb6 31. Rxf6 Nc4 32. Re6 Re3 33. Re7 b5 34. Rf1 b4 35. Rff7 h6 36. Bh3 g4 37. Bxg4 Nd2 38. Rh7+ Kg8 39. Be6+ 1-0

[Event "GRE-ch U14"]
[Site "Greece"]
[Date "2014.07.10"]
[Round "9"]
[White "Karousos Theodorakis, Anastasios"]
[Black "Alexakis, Georgios"]
[Result "0-1"]
[WhiteElo "1674"]
[BlackElo "1793"]
[PlyCount "108"]
[EventDate "2014.07.04"]
[EventType "swiss"]
[EventRounds "9"]
[EventCountry "GRE"]
[SourceTitle "EXT 2017"]
[Source "ChessBase"]
[SourceDate "2016.10.25"]
[SourceVersion "1"]
[SourceVersionDate "2016.10.25"]
[SourceQuality "1"]

1. e4 c5 2. b3 Nc6 3. Bb2 e6 4. f4 d5 5. e5 Nge7 6. Nf3 d4 7. a4 Nd5 8. g3 b6 9. Bg2 Bb7 10. 0-0 Be7 11. Na3 0-0 12. Qe2 a6 13. c4 dxc3 14. dxc3 Qc7 15. Nd2 Rfd8 16. Ne4 Na5 17. Nc4 Nxb3 18. Rab1 Bc6 19. Ncd6 Bxd6 20. Nxd6 Ne7 21. Bxc6 Qxc6 22. Qc2 Na5 23. Ba3 Rab8 24. Rfd1 Nd5 25. Qd2 h6 26. c4 Ne7 27. Qb2 Qxa4 28. Bxc5 bxc5 29. Qxb8 Qxd1+ 30. Rxd1 Rxb8 31. Ra1 Nec6 32. Ne4 Nxc4 33. Rxa6 Nb4 34. Ra1 Rc8 35. Rc1 Nb6 36. Rxc5 Rxc5 37. Nxc5 Nc4 38. Kf2 Kf8 39. Ne4 Ke7 40. Kf3 Nc6 41. g4 N6xe5+ 42. fxe5 Nxe5+ 43. Kf4 Ng6+ 44. Kf3 f5 45. gxf5 exf5 46. Ng3 Ke6 47. Nh5 Ne5+ 48. Kg3 g5 49. h3 Kf7 50. h4 Kg6 51. Nf4+ gxf4+ 52. Kxf4 Nd3+ 53. Kg3 Kh5 54. Kh3 f4 0-1

[Event "GRE-ch U14"]
[Site "Greece"]
[Date "2014.07.05"]
[Round "3"]
[White "Stefanatos, Gerasimos"]
[Black "Karousos Theodorakis, Anastasios"]
[Result "0-1"]
[WhiteElo "1545"]
[BlackElo "1674"]
[PlyCount "108"]
[EventDate "2014.07.04"]
[EventType "swiss"]
[EventRounds "9"]
[EventCountry "GRE"]
[SourceTitle "EXT 2017"]
[Source "ChessBase"]
[SourceDate "2016.10.25"]
[SourceVersion "1"]
[SourceVersionDate "2016.10.25"]
[SourceQuality "1"]

1. e4 e5 2. Nf3 Nc6 3. Bb5 a6 4. Ba4 Nf6 5. d3 b5 6. Bb3 Be7 7. c3 d6 8. 0-0 Bg4 9. h3 Bh5 10. Nbd2 0-0 11. Re1 a5 12. a4 b4 13. Nc4 Qd7 14. Ne3 Rfb8 15. Ba2 h6 16. Nd5 Nd8 17. Nxe7+ Qxe7 18. g4 Nxg4 19. hxg4 Bxg4 20. Re3 Qf6 21. Bc4 Ne6 22. d4 Qg6 23. Kf1 Nf4 24. dxe5 Bh3+ 25. Ke1 Ng2+ 26. Kd2 Nxe3 27. Kxe3 dxe5 28. Nxe5 Qg5+ 29. f4 Qg3+ 30. Qf3 Qxf3+ 31. Kxf3 Be6 32. Bxe6 fxe6 33. c4 Rd8 34. Be3 Ra6 35. c5 Kf8 36. Rg1 Kg8 37. Ke2 Rf8 38. Rg6 Rf6 39. Rxf6 gxf6 40. Ng4 f5 41. exf5 exf5 42. Ne5 Kf8 43. c6 Ke7 44. Kd3 Ke6 45. Kc4 h5 46. Bf2 Ra8 47. Bh4 Rg8 48. Kb5 Rg2 49. Bd8 Rxb2 50. Bxc7 Rc2 51. Bxa5 b3 52. Nc4 Rxc4 53. Kxc4 b2 54. c7 Kd7 0-1

[Event "Paleochora op 6th"]
[Site "Paleochora"]
[Date "2013.07.19"]
[Round "1"]
[White "Kargin, Arseny"]
[Black "Karousos Theodorakis, Anastasios"]
[Result "1-0"]
[WhiteElo "2440"]
[BlackElo "1545"]
[PlyCount "53"]
[EventDate "2013.07.19"]
[EventType "swiss"]
[EventRounds "9"]
[EventCountry "GRE"]
[SourceTitle "CBM 155 Extra"]
[Source "ChessBase"]
[SourceDate "2013.08.26"]
[SourceVersion "1"]
[SourceVersionDate "2013.08.26"]
[SourceQuality "1"]

1. d4 Nf6 2. c4 e6 3. Nf3 Bb4+ 4. Nbd2 0-0 5. g3 b6 6. Bg2 Bb7 7. 0-0 d6 8. Nb3 Nbd7 9. a3 Ba5 10. Bf4 Qe7 11. Nxa5 bxa5 12. Bd2 Ne4 13. Bxa5 f5 14. Ne1 Ndf6 15. Qc1 h6 16. Nd3 e5 17. f3 Ng5 18. dxe5 dxe5 19. Bb4 Qe6 20. Bxf8 Rxf8 21. Kh1 Ba6 22. b3 Qb6 23. Qc3 e4 24. Nf4 exf3 25. exf3 Rb8 26. b4 Qc6 27. Rac1 1-0

[Event "GRE-ch U14"]
[Site "Patras"]
[Date "2013.07.13"]
[Round "8.2"]
[White "Karousos Theodorakis, Anastasios"]
[Black "Dimitrakopoulos, Marios Odisseas"]
[Result "1-0"]
[WhiteElo "1545"]
[BlackElo "1474"]
[PlyCount "97"]
[EventDate "2013.07.08"]
[EventType "swiss"]
[EventRounds "9"]
[EventCountry "GRE"]
[SourceTitle "EXT 2024"]
[Source "ChessBase"]
[SourceDate "2023.10.10"]
[SourceVersion "1"]
[SourceVersionDate "2023.10.10"]
[SourceQuality "1"]

1. e4 c5 2. Nf3 g6 3. d4 cxd4 4. Nxd4 Nc6 5. c4 Bg7 6. Be3 Nf6 7. Nc3 d6 8. Be2 0-0 9. 0-0 Bd7 10. f3 Qb6 11. Na4 Qc7 12. Rb1 Nxe4 13. Nb5 Qa5 14. fxe4 Nb4 15. a3 Nc6 16. Nac3 a6 17. Nd4 Qd8 18. Qd2 e6 19. Nxc6 Bxc6 20. Bh6 Qe7 21. Bxg7 Kxg7 22. Rbd1 Rad8 23. Bf3 Qh4 24. Qf2 Qg5 25. Rfe1 e5 26. Nd5 f5 27. Qe3 f4 28. Qf2 h5 29. Rd2 Kf7 30. Nb4 Ba4 31. Bd1 Bxd1 32. Rexd1 Ke6 33. Qf3 Qg4 34. c5 Rf7 35. cxd6 Qxf3 36. gxf3 Rfd7 37. Kf2 Rxd6 38. Rxd6+ Rxd6 39. Rxd6+ Kxd6 40. Nd5 Kc5 41. b3 Kd4 42. h4 a5 43. b4 axb4 44. axb4 Kc4 45. Ke2 Kd4 46. Ne7 Kc4 47. Nxg6 Kd4 48. b5 b6 49. Kd2 1-0

[Event "Petroupoli ASOP Dias Seniors op"]
[Site "Petroupoli"]
[Date "2013.03.02"]
[Round "7.6"]
[White "Bellos, Vasilios"]
[Black "Karousos Theodorakis, Anastasios"]
[Result "0-1"]
[WhiteElo "1525"]
[BlackElo "1514"]
[PlyCount "52"]
[EventDate "2013.01.19"]
[EventType "swiss"]
[EventRounds "7"]
[EventCountry "GRE"]
[SourceTitle "EXT 2024"]
[Source "ChessBase"]
[SourceDate "2023.10.10"]
[SourceVersion "1"]
[SourceVersionDate "2023.10.10"]
[SourceQuality "1"]

1. e4 c5 2. Nf3 d6 3. d4 cxd4 4. Nxd4 Nf6 5. Nc3 a6 6. Bg5 e6 7. f4 Qb6 8. a3 Be7 9. Bc4 Nc6 10. Nb3 Qc7 11. 0-0 b5 12. Bd3 Bb7 13. Qe2 0-0 14. Rf3 Rad8 15. Rh3 g6 16. Qf2 Ng4 17. Qh4 h5 18. f5 Bxg5 19. Qxg5 Qb6+ 20. Re3 Qxe3+ 21. Qxe3 Nxe3 22. h3 Ne5 23. Nd4 exf5 24. b3 fxe4 25. Nxe4 Bxe4 26. Bxe4 d5 0-1

[Event "Petroupoli ASOP Dias Seniors op"]
[Site "Petroupoli"]
[Date "2013.02.09"]
[Round "4.3"]
[White "Diamandis, Georgios"]
[Black "Karousos Theodorakis, Anastasios"]
[Result "0-1"]
[WhiteElo "1820"]
[BlackElo "1514"]
[PlyCount "94"]
[EventDate "2013.01.19"]
[EventType "swiss"]
[EventRounds "7"]
[EventCountry "GRE"]
[SourceTitle "EXT 2024"]
[Source "ChessBase"]
[SourceDate "2023.10.10"]
[SourceVersion "1"]
[SourceVersionDate "2023.10.10"]
[SourceQuality "1"]

1. e4 c5 2. Nf3 d6 3. Bb5+ Nd7 4. 0-0 a6 5. Be2 Ngf6 6. Nc3 g6 7. d4 cxd4 8. Nxd4 Bg7 9. Be3 0-0 10. f4 b5 11. Nc6 Qe8 12. e5 dxe5 13. fxe5 Ne4 14. Nxe4 Bb7 15. e6 fxe6 16. Ng5 Bxc6 17. Nxe6 Rxf1+ 18. Qxf1 Bxb2 19. Rd1 Be5 20. c4 Qf7 21. Qxf7+ Kxf7 22. Ng5+ Kg8 23. Nf3 Bf6 24. Nd4 Bxd4 25. Rxd4 Nf6 26. Bf4 Re8 27. Bh6 Kf7 28. Rd2 Ne4 29. Rb2 Rd8 30. h4 Ng3 31. cxb5 Nxe2+ 32. Rxe2 Bxb5 33. Rf2+ Ke6 34. Bg5 Rd1+ 35. Kh2 Rf1 36. Rc2 Kd5 37. Rd2+ Ke6 38. Rc2 Re1 39. Rd2 Re4 40. Rc2 h6 41. Bc1 Rxh4+ 42. Kg3 g5 43. Rc7 Rc4 44. Rxc4 Bxc4 45. a3 Kf5 46. Bd2 e5 47. Kf2 h5 0-1

[Event "Petroupoli op 5th"]
[Site "Petroupoli"]
[Date "2012.09.08"]
[Round "1"]
[White "Bellos, Ioannis"]
[Black "Karousos Theodorakis, Anastasios"]
[Result "1-0"]
[WhiteElo "1974"]
[BlackElo "1486"]
[PlyCount "51"]
[EventDate "2012.09.08"]
[EventType "swiss"]
[EventRounds "7"]
[EventCountry "GRE"]
[SourceTitle "CBM 150 Extra"]
[Source "ChessBase"]
[SourceDate "2012.10.19"]
[SourceVersion "1"]
[SourceVersionDate "2012.10.19"]
[SourceQuality "1"]

1. e4 c5 2. Nf3 d6 3. d4 Nf6 4. Nc3 cxd4 5. Nxd4 a6 6. Bc4 e6 7. Bb3 b5 8. Bg5 Be7 9. Qf3 Qc7 10. Bxf6 Bxf6 11. 0-0-0 Nc6 12. Nd5 exd5 13. Nxc6 Bb7 14. exd5 0-0 15. Nd4 Qc5 16. Nf5 a5 17. c3 a4 18. Bc2 a3 19. Nh6+ Kh8 20. Qf5 Bg5+ 21. Kb1 g6 22. Qxg5 f6 23. Qe3 Qc7 24. Ng4 axb2 25. Qd4 Kg7 26. Rhe1 1-0

[Event "Heraklio op 15th"]
[Site "Athens"]
[Date "2012.06.12"]
[Round "4"]
[White "Papadimitriou, Loukas"]
[Black "Karousos Theodorakis, Anastasios"]
[Result "1-0"]
[WhiteElo "2143"]
[BlackElo "1487"]
[PlyCount "65"]
[EventDate "2012.06.09"]
[EventType "swiss"]
[EventRounds "9"]
[EventCountry "GRE"]
[SourceTitle "CBM 148 Extra"]
[Source "ChessBase"]
[SourceDate "2012.06.22"]
[SourceVersion "1"]
[SourceVersionDate "2012.06.22"]
[SourceQuality "1"]

1. d4 Nf6 2. c4 e6 3. Nc3 Bb4 4. e3 0-0 5. Nge2 d5 6. a3 Bxc3+ 7. Nxc3 Nbd7 8. b4 a5 9. Bb2 b6 10. cxd5 exd5 11. Rc1 c6 12. Be2 Qe7 13. b5 Bb7 14. bxc6 Bxc6 15. 0-0 Rfc8 16. Qb3 Qe6 17. a4 Ne8 18. e4 Ndf6 19. exd5 Nxd5 20. Bc4 Nec7 21. Rfe1 Qd7 22. Nb5 Nxb5 23. axb5 Bb7 24. Re5 Rd8 25. Rce1 Rac8 26. h4 Rc7 27. Bxd5 Bxd5 28. Rxd5 Qc8 29. Rxd8+ Qxd8 30. Qd5 Rd7 31. Qe5 f6 32. Qe6+ Kf8 33. Ba3+ 1-0

[Event "Iraklio Epikoinonia U1800 1st"]
[Site "Iraklio"]
[Date "2011.12.14"]
[Round "6.1"]
[White "Skoufas, Georgios"]
[Black "Karousos Theodorakis, Anastasios"]
[Result "1/2-1/2"]
[WhiteElo "1782"]
[BlackElo "1484"]
[PlyCount "83"]
[EventDate "2011.11.09"]
[EventType "tourn"]
[EventRounds "7"]
[EventCountry "GRE"]
[SourceTitle "EXT 2024"]
[Source "ChessBase"]
[SourceDate "2023.10.10"]
[SourceVersion "1"]
[SourceVersionDate "2023.10.10"]
[SourceQuality "1"]

1. d4 c5 2. c3 cxd4 3. cxd4 d5 4. Nf3 Nc6 5. Nc3 Nf6 6. Bg5 h6 7. Bh4 Bf5 8. a3 Ne4 9. e3 g5 10. Bg3 Nxg3 11. hxg3 Bg7 12. Bd3 e6 13. Bxf5 exf5 14. Qb3 Ne7 15. Qxb7 0-0 16. 0-0 a5 17. Rfb1 Rb8 18. Qa6 Rb6 19. Qd3 Qb8 20. Na4 Rb5 21. Nc5 Rc8 22. b4 axb4 23. Na6 Qb7 24. Rxb4 Rc4 25. Nc5 Rcxc5 26. Rbb1 Qc6 27. dxc5 Rxc5 28. Nd4 Bxd4 29. Qxd4 Rc4 30. Qb6 Rc1+ 31. Rxc1 Qxb6 32. a4 Nc6 33. Rcb1 Qa6 34. Rb5 d4 35. exd4 Nxd4 36. Rb8+ Kg7 37. a5 Qa7 38. Rb2 Nc6 39. a6 Qd4 40. Raa2 Na7 41. Rb7 Qd5 42. Rab2 1/2-1/2

[Event "Iraklio Epikoinonia U1800 1st"]
[Site "Iraklio"]
[Date "2011.11.09"]
[Round "1.1"]
[White "Digenis, Stefanos"]
[Black "Karousos Theodorakis, Anastasios"]
[Result "0-1"]
[WhiteElo "1562"]
[BlackElo "1484"]
[PlyCount "118"]
[EventDate "2011.11.09"]
[EventType "tourn"]
[EventRounds "7"]
[EventCountry "GRE"]
[SourceTitle "EXT 2024"]
[Source "ChessBase"]
[SourceDate "2023.10.10"]
[SourceVersion "1"]
[SourceVersionDate "2023.10.10"]
[SourceQuality "1"]

1. d4 Nf6 2. c4 e6 3. Nc3 Bb4 4. Qc2 0-0 5. e4 d5 6. Bd3 dxe4 7. Bxe4 Qxd4 8. Bd3 Rd8 9. Be2 Ne4 10. Be3 Bxc3+ 11. bxc3 Qxc3+ 12. Qxc3 Nxc3 13. Bf3 Na4 14. Ne2 Nb6 15. Rc1 Nc6 16. 0-0 e5 17. c5 Nd5 18. Rcd1 Be6 19. Be4 Nxe3 20. fxe3 Bxa2 21. Nc3 Bc4 22. Rfe1 Rxd1 23. Rxd1 Rd8 24. Rb1 Na5 25. Bxb7 Bd3 26. Rb4 Rb8 27. Rb2 c6 28. Rd2 e4 29. Ra2 Nxb7 30. Rxa7 f5 31. Na4 Bc2 32. Nb2 Nxc5 33. Nc4 Nd3 34. h3 f4 35. exf4 Nxf4 36. Ne5 e3 37. Ra3 Re8 38. Rxe3 Ng6 39. Rc3 Rxe5 40. Rxc2 c5 41. Kf2 Kf7 42. Kg3 Ke6 43. Kg4 Kd6 44. h4 Re4+ 45. Kf5 Rf4+ 46. Kg5 Rxh4 47. Rf2 c4 48. Rf3 Rf4 49. Rc3 Kc5 50. g3 Kb4 51. Rc1 Rf3 52. g4 Ne5 53. Kh5 c3 54. Rh1 c2 55. g5 Rd3 56. Rh4+ Kb3 57. Rh1 Rd1 58. Rh3+ Kb2 59. Rh2 Kb1 0-1